Geography Quiz

Random Geography or State Quiz

Trading partners of Wisconsin Quiz Stats

 Plays Quiz not verified by Sporcle

Score 0/20 Timer 04:00
0 Plays Today
Hint Country % Correct
ExportsMexico
97.4%
ImportsMexico
97.4%
ExportsCanada
96.4%
ImportsCanada
96.4%
ExportsChina
95.3%
ImportsChina
95.3%
ExportsUK
94.8%
ExportsGermany
93.8%
ImportsGermany
93.8%
ExportsFrance
92.7%
Hint Country % Correct
ImportsFrance
92.7%
ExportsJapan
91.7%
ImportsJapan
91.7%
ImportsItaly
83.4%
ImportsIndia
81.9%
ExportsAustralia
74.1%
ExportsSouth Korea
72%
ImportsTaiwan
51.8%
ImportsVietnam
51.3%
ExportsSaudi Arabia
39.9%

You're not logged in!

Compare scores with friends on all Sporcle quizzes.
OR
Log In

Sporcle TV

Today on Sporcle TV


Watch our educational content, quiz creation guides, and fun videos on Sporcle TV.

Show Comments

Extras

Top Quizzes Today


Score Distribution

Your Account Isn't Verified!

In order to create a playlist on Sporcle, you need to verify the email address you used during registration. Go to your Sporcle Settings to finish the process.

Report this User

Report this user for behavior that violates our Community Guidelines.

Details: